Kỷ yếu hội thảo bàn tròn cấp cao lần thứ hai về tổng kết 20 năm đổi mới
Hội nghị xác định những vấn đề, những lĩnh vực cần lấy ý kiến tư vấn trên phạm vi toàn quốc về việc tổng kết 20 năm đổi mới ở Việt nam và đề xuất các vấn đề cần tiếp tục nghiên cứu về các khía cạnh khác nhau của đổi mới....
Na minha lista:
| Autor Corporativo: | |
|---|---|
| Formato: | Livro |
| Idioma: | Undetermined |
| Publicado em: |
Hà Nội
Công ty TNHH sản xuất thương mại Hà Nội
2008
|
| Assuntos: | |
| Tags: |
Adicionar Tag
Sem tags, seja o primeiro a adicionar uma tag!
|
| Thư viện lưu trữ: | Trung tâm Học liệu Trường Đại học Cần Thơ |
|---|
| LEADER | 01142nam a2200205Ia 4500 | ||
|---|---|---|---|
| 001 | CTU_225737 | ||
| 008 | 210402s9999 xx 000 0 und d | ||
| 082 | |a 330.9597 | ||
| 082 | |b V305 | ||
| 110 | |a Viện Khoa học xã hội Việt Nam | ||
| 245 | 0 | |a Kỷ yếu hội thảo bàn tròn cấp cao lần thứ hai về tổng kết 20 năm đổi mới | |
| 245 | 0 | |c Viện Khoa học xã hội Việt Nam | |
| 260 | |a Hà Nội | ||
| 260 | |b Công ty TNHH sản xuất thương mại Hà Nội | ||
| 260 | |c 2008 | ||
| 520 | |a Hội nghị xác định những vấn đề, những lĩnh vực cần lấy ý kiến tư vấn trên phạm vi toàn quốc về việc tổng kết 20 năm đổi mới ở Việt nam và đề xuất các vấn đề cần tiếp tục nghiên cứu về các khía cạnh khác nhau của đổi mới. | ||
| 650 | |a Economic development,Phát triển kinh tế | ||
| 650 | |z Vietnam,Việt Nam | ||
| 904 | |i Hải | ||
| 980 | |a Trung tâm Học liệu Trường Đại học Cần Thơ | ||